Rulers of the Micronation of Thebes - Statistics

General Stats
  • This quiz has been taken 7 times
  • The average score is 59 of 63
Answer Stats
Nation Dates Answer % Correct
United States 1861-1865 Abraham Lincoln
100%
United States 1829-1837 Andrew Jackson
100%
United States 1865-1869 Andrew Johnson
100%
England 1702-1714 Anne
100%
United States 2009-2017 Barack Obama
100%
United States 1889-1893 Benjamin Harrison
100%
United States 1923-1929 Calvin Coolidge
100%
England 1625-1649 Charles I
100%
Thebes 2019-Present Charles I
100%
England 1660-1685 Charles II
100%
United States 1881-1885 Chester Arthur
100%
United States 2017-2019 Donald Trump
100%
United States 1933-1945 Franklin D. Roosevelt
100%
United States 1853-1857 Franklin Pierce
100%
United States 1989-1993 George H. W. Bush
100%
England 1714-1727 George I
100%
England 1727-1760 George II
100%
England 1760-1776 George III
100%
United States 1789-1797 George Washington
100%
United States 2001-2009 George W. Bush
100%
United States 1885-1889 Grover Cleveland
100%
United States 1893-1897 Grover Cleveland
100%
United States 1857-1861 James Buchanan
100%
United States 1881 James Garfield
100%
England 1607-1625 James I
100%
Garf Nation 2019 James I
100%
England 1685-1688 James II
100%
United States 1809-1817 James Madison
100%
United States 1817-1825 James Monroe
100%
United States 1845-1849 James Polk
100%
United States 1797-1801 John Adams
100%
United States 1961-1963 John F. Kennedy
100%
United States 1825-1829 John Quincy Adams
100%
United States 1841-1845 John Tyler
100%
United States 1963-1969 Lyndon B. Johnson
100%
United States 1837-1841 Martin van Buren
100%
England 1689-1694 Mary II
100%
United States 1850-1853 Millard Fillmore
100%
England 1653-1658 Oliver Cromwell
100%
England 1658-1659 Richard Cromwell
100%
United States 1981-1989 Ronald Reagan
100%
United States 1877-1881 Rutherford Hayes
100%
United States 1901-1909 Theodore Roosevelt
100%
United States 1801-1809 Thomas Jefferson
100%
United States 1869-1877 Ulysses Grant
100%
United States 1841 William Henry Harrison
100%
United States 1909-1913 William Howard Taft
100%
Meme Nation 2019 William I
100%
England 1689-1702 William III
100%
United States 1913-1921 Woodrow Wilson
100%
United States 1849-1850 Zachary Taylor
100%
United States 1993-2001 Bill Clinton
80%
United States 1953-1961 Dwight D. Eisenhower
80%
United States 1974-1977 Gerald Ford
80%
United States 1945-1953 Harry Truman
80%
United States 1929-1933 Herbert Hoover
80%
United States 1977-1981 Jimmy Carter
80%
United States 1969-1974 Richard Nixon
80%
United States 1921-1923 Warren Harding
80%
Thebes 2019 Eithan I
40%
Mugie 2019 Lekolilo I
40%
Garf Nation 2019 Nicholas I
40%
United States 1897-1901 William McKinely
40%
No matching quizzes found
Score Distribution
Percent of People with Each Score
Percentile by Number Answered
Your Score History
You have not taken this quiz